[Event "XXV Miedzynarodowy Turniej im. Tadeusza "]
[Site "Police"]
[Date "2010.07.07"]
[Round "1.1"]
[White "Malisauskas, Vidmantas"]
[Black "Kostyra, Mariusz"]
[Result "1-0"]
[WhiteElo "2516"]
[BlackElo "2181"]
[PlyCount "73"]
[EventDate "2010.??.??"]

1. g3 g6 2. Bg2 Bg7 3. f4 f5 4. c4 Nf6 5. Nc3 O-O 6. Nf3 c5 7. d3 Nc6 8. e4 d6
9. O-O fxe4 10. dxe4 Bg4 11. Qd3 Bxf3 12. Bxf3 e5 13. f5 Nd4 14. g4 Nd7 15. g5
Rf7 16. f6 Bf8 17. Bg4 h6 18. h4 h5 19. Bh3 Nb8 20. Nd5 Nbc6 21. Bd2 a6 22. a3
b5 23. b4 Raa7 24. Kg2 Qb8 25. Rfb1 Rab7 26. Bc3 Kh8 27. a4 Kh7 28. axb5 axb5
29. cxb5 Rxb5 30. bxc5 dxc5 31. Rxb5 Nxb5 32. Qc4 Rb7 33. Ne7 Nxe7 34. Qf7+ Kh8
35. fxe7 Rxe7 36. Qf6+ Kh7 37. Rb1 1-0

[Event "XXV Miedzynarodowy Turniej im. Tadeusza "]
[Site "Police"]
[Date "2010.07.07"]
[Round "1.2"]
[White "Bieluszewski, Piotr"]
[Black "Tomczak, Jacek"]
[Result "0-1"]
[WhiteElo "2173"]
[BlackElo "2509"]
[PlyCount "78"]
[EventDate "2010.??.??"]

1. e4 d5 2. exd5 Nf6 3. d4 Nxd5 4. Bd3 Nb4 5. Be4 f5 6. a3 fxe4 7. axb4 Nc6 8.
c3 Qd5 9. Be3 e5 10. Ne2 Bg4 11. O-O exd4 12. Bxd4 Bxe2 13. Qxe2 Nxd4 14. cxd4
Bxb4 15. Nc3 Bxc3 16. bxc3 O-O 17. Rab1 Rf5 18. c4 Qxd4 19. Rfd1 Qf6 20. Rxb7
Qc6 21. Rb5 Rf6 22. Rbd5 Raf8 23. Rd8 a5 24. R1d5 a4 25. h3 a3 26. Rxf8+ Rxf8
27. Rd2 Rb8 28. Kh2 Qe6 29. Qe3 Ra8 30. Qe2 h6 31. g3 Rb8 32. Ra2 Rb3 33. Qc2
Rf3 34. Qa4 e3 35. fxe3 Qxe3 36. Rg2 Rf2 37. Qd1 Rxg2+ 38. Kxg2 Qe4+ 39. Kf2 a2
0-1

[Event "XXV Miedzynarodowy Turniej im. Tadeusza "]
[Site "Police"]
[Date "2010.07.07"]
[Round "1.3"]
[White "Stern, Rene"]
[Black "Tokarczyk, Tomasz"]
[Result "1/2-1/2"]
[WhiteElo "2490"]
[BlackElo "2162"]
[PlyCount "181"]
[EventDate "2010.??.??"]

1. d4 d5 2. c4 c6 3. cxd5 cxd5 4. Bf4 Nc6 5. e3 a6 6. Nc3 Nf6 7. Rc1 Bg4 8. f3
Bd7 9. Bd3 e6 10. Bg3 Rc8 11. Nge2 Na5 12. Bf2 Nc4 13. Rc2 Bb4 14. O-O b5 15.
Qa1 Ba5 16. a4 b4 17. Nb1 b3 18. Rcc1 O-O 19. Bxc4 dxc4 20. Na3 c3 21. Nxc3
Bxc3 22. bxc3 Nd5 23. c4 Nb4 24. Rc3 Bxa4 25. Qb2 Qe7 26. Ra1 Rb8 27. Nb1 Na2
28. Rd3 Qb4 29. Nd2 Rfc8 30. Rb1 Rxc4 31. Nxc4 Qxc4 32. Rbd1 Rc8 33. Be1 h6 34.
d5 Nc1 35. R3d2 Bb5 36. h3 exd5 37. Rxd5 Qf1+ 38. Kh2 Rc2 39. Qxc2 bxc2 40.
Rxc1 Qc4 41. Rd4 Qa2 42. Bc3 Qb1 43. Bd2 Qb3 44. Rd8+ Kh7 45. Rc8 Bd3 46. Rc3
Qb5 47. R3xc2 Bxc2 48. Rxc2 Qb8+ 49. f4 Qb3 50. Rc3 Qd5 51. Bc1 a5 52. Kg3 a4
53. Kf2 Qa5 54. Rc2 Qb4 55. Bb2 Qb3 56. Re2 a3 57. Bd4 a2 58. Re1 Qc2+ 59. Kf3
Qb1 60. Kf2 f5 61. g4 Qc2+ 62. Kg3 Kg6 63. Ra1 Qb3 64. Kf2 Qc2+ 65. Kg3 Qb1 66.
gxf5+ Kxf5 67. Bxg7 h5 68. Bd4 Qc2 69. Kh4 Qf2+ 70. Kxh5 Qg2 71. Kh4 Qf2+ 72.
Kh5 Qg2 73. Kh4 Ke4 74. Kh5 Qxh3+ 75. Kg6 Qe6+ 76. Kh7 Kf5 77. Rg1 Qf7+ 78. Kh6
Qe6+ 79. Kh7 Ke4 80. Ra1 Kf5 81. Rg1 Ke4 82. Ra1 Qf7+ 83. Kh6 Kf5 84. Rg1 Qd7
85. Rg5+ Ke4 86. Rg1 Qb7 87. Ra1 Qc8 88. Kg7 Qg4+ 89. Kf6 Qg2 90. Rc1 Qd2 91.
Ra1 1/2-1/2

[Event "XXV Miedzynarodowy Turniej im. Tadeusza "]
[Site "Police"]
[Date "2010.07.07"]
[Round "1.4"]
[White "Buczak, Krzysztof"]
[Black "Ivanov, Mikhail M"]
[Result "0-1"]
[WhiteElo "2153"]
[BlackElo "2486"]
[PlyCount "72"]
[EventDate "2010.??.??"]

1. e4 c5 2. Nf3 a6 3. c4 e6 4. Nc3 Qc7 5. d4 cxd4 6. Nxd4 Nf6 7. Bd3 Bb4 8. O-O
Nc6 9. Nxc6 dxc6 10. Qc2 e5 11. a3 Be7 12. Be3 Ng4 13. Bc1 Be6 14. h3 Nf6 15.
Be3 b5 16. Rac1 Qb7 17. cxb5 cxb5 18. b4 O-O 19. Qb2 Rfd8 20. Rfd1 h6 21. f3
Nh5 22. Bb1 Nf4 23. Ne2 Bf6 24. Bc5 Bg5 25. Nxf4 Bxf4 26. Rxd8+ Rxd8 27. Re1
Rd2 28. Qc3 Qd7 29. Be3 Bxe3+ 30. Qxe3 Qd4 31. Kh2 Qb2 32. Rg1 Bc4 33. f4 Bf1
34. Qf3 Rf2 35. Qg4 Rxf4 36. Qg3 Qxb1 0-1

[Event "XXV Miedzynarodowy Turniej im. Tadeusza "]
[Site "Police"]
[Date "2010.07.07"]
[Round "1.5"]
[White "Urban, Klaudiusz"]
[Black "Olenderek, Tomasz"]
[Result "1-0"]
[WhiteElo "2478"]
[BlackElo "2146"]
[PlyCount "137"]
[EventDate "2010.??.??"]

1. Nf3 d5 2. g3 Nf6 3. Bg2 c5 4. O-O Nc6 5. d4 e6 6. c4 Be7 7. dxc5 Bxc5 8. a3
a5 9. cxd5 exd5 10. Bg5 Be6 11. Nc3 O-O 12. Rc1 Be7 13. Nd4 Nxd4 14. Qxd4 h6
15. Bf4 Ra6 16. Rfd1 Qb6 17. Be3 Qxd4 18. Bxd4 Rc6 19. Bxf6 Bxf6 20. Bxd5 Bxd5
21. Nxd5 Bxb2 22. Ne7+ Kh7 23. Nxc6 Bxc1 24. Nxa5 Bxa3 25. Nxb7 Re8 26. e3 Re7
27. Na5 h5 28. Rd3 Bb2 29. Rb3 Ba1 30. Rb7 Rxb7 31. Nxb7 Kg6 32. Kg2 Kf5 33.
Kf3 Ke5 34. Nc5 f5 35. Nd3+ Kf6 36. Nf4 g6 37. h3 Bb2 38. Ke2 Bc1 39. Kd3 Ba3
40. Kd4 Bb2+ 41. Kd5 Bc1 42. Nd3 Bd2 43. Kd6 Kf7 44. Ke5 Bc3+ 45. Kd5 Bd2 46.
Kd4 Ba5 47. Kc4 Bd2 48. Kb3 Kf6 49. Kc2 Ba5 50. Kd1 Bc7 51. Ke2 Bb8 52. Nb4 Bd6
53. Nd5+ Ke6 54. Nf4+ Kf6 55. Kd3 Bb8 56. Kd4 Ba7+ 57. Kd5 Bb6 58. Kd6 Ba7 59.
Kc7 Bc5 60. Nd3 Ba3 61. Kd7 g5 62. f3 g4 63. hxg4 hxg4 64. fxg4 fxg4 65. e4 Bb2
66. Nxb2 Ke5 67. Nd3+ Kxe4 68. Nf4 Kf3 69. Nh5 1-0

[Event "XXV Miedzynarodowy Turniej im. Tadeusza "]
[Site "Police"]
[Date "2010.07.07"]
[Round "1.6"]
[White "Radwan, Leszek"]
[Black "Shishkin, Vadim"]
[Result "0-1"]
[WhiteElo "2138"]
[BlackElo "2471"]
[PlyCount "122"]
[EventDate "2010.??.??"]

1. Nf3 g6 2. d4 Nf6 3. c4 Bg7 4. Nc3 d5 5. cxd5 Nxd5 6. e4 Nxc3 7. bxc3 O-O 8.
Be2 c5 9. O-O b6 10. Be3 Nd7 11. Rc1 e6 12. e5 Bb7 13. Qd2 f6 14. exf6 Bxf6 15.
Bc4 Re8 16. Ng5 Bd5 17. Bxd5 exd5 18. dxc5 Nxc5 19. Nf3 Ne4 20. Qd3 Rc8 21. Bd4
Qc7 22. Bxf6 Nxf6 23. Qd4 Qf7 24. Rfe1 Rxe1+ 25. Rxe1 Ne4 26. Ne5 Nxc3 27. g4
Qe6 28. Kf1 Ne4 29. f3 Ng5 30. Qf4 Nf7 31. Qd4 Rd8 32. Nd3 Qc6 33. Rc1 Qd6 34.
Kg2 Re8 35. Rc2 Ng5 36. Nf4 Rf8 37. Qxd5+ Qxd5 38. Nxd5 Nxf3 39. Rc7 Ne1+ 40.
Kg1 Rf7 41. Rc3 Nf3+ 42. Kg2 Ng5 43. Re3 Kg7 44. a4 Rd7 45. Nc3 Nf7 46. Ne4 Re7
47. Kf2 h6 48. Kf3 Ne5+ 49. Kg3 Nc4 50. Re2 Nd6 51. Nc3 Rxe2 52. Nxe2 Kf6 53.
h4 a6 54. Kf4 g5+ 55. hxg5+ hxg5+ 56. Kf3 Ke5 57. Ke3 Nc4+ 58. Kf3 b5 59. axb5
axb5 60. Nc1 Kd4 61. Nb3+ Kd5 0-1

[Event "XXV Miedzynarodowy Turniej im. Tadeusza "]
[Site "Police"]
[Date "2010.07.07"]
[Round "1.7"]
[White "Koziak, Vitali"]
[Black "Leszner, Liliana"]
[Result "1-0"]
[WhiteElo "2470"]
[BlackElo "2137"]
[PlyCount "55"]
[EventDate "2010.??.??"]

1. Nf3 g6 2. e4 d6 3. d4 Bg7 4. c3 Nf6 5. Bd3 O-O 6. O-O Nc6 7. d5 Ne5 8. Nxe5
dxe5 9. c4 Nh5 10. Re1 Qd6 11. Nc3 a6 12. Be3 b6 13. a3 Nf4 14. Bf1 e6 15. g3
exd5 16. gxf4 d4 17. fxe5 Bxe5 18. f4 Bxf4 19. Bxf4 Qxf4 20. Qxd4 Qg5+ 21. Bg2
Bh3 22. Re2 Bg4 23. Rf2 Rad8 24. Nd5 f5 25. exf5 Bxf5 26. Qf4 Qh5 27. Qe5 Rf7
28. Nf6+ 1-0

[Event "XXV Miedzynarodowy Turniej im. Tadeusza "]
[Site "Police"]
[Date "2010.07.07"]
[Round "1.8"]
[White "Graf, Pawel"]
[Black "Grabarczyk, Miroslaw"]
[Result "0-1"]
[WhiteElo "2137"]
[BlackElo "2456"]
[PlyCount "102"]
[EventDate "2010.??.??"]

1. e4 e5 2. Nf3 Nc6 3. Bb5 a6 4. Ba4 Nf6 5. Bxc6 dxc6 6. d3 Bd6 7. Bg5 h6 8.
Bh4 Qe7 9. Nbd2 Be6 10. Qe2 O-O-O 11. Bg3 Nd7 12. Nc4 f6 13. Nh4 Qf7 14. Nf5
Bc5 15. Nfe3 g5 16. c3 Bxe3 17. Nxe3 Nc5 18. Rd1 Bxa2 19. b4 Na4 20. Rc1 Qb3
21. O-O Rd7 22. Ng4 Rf8 23. Nxh6 Nxc3 24. Rxc3 Qxc3 25. Qxa2 Qxd3 26. f3 Qd4+
27. Bf2 Qxb4 28. Rb1 Qd2 29. Qb3 b6 30. Qa3 Rdd8 31. Qxa6+ Kd7 32. Qc4 Ra8 33.
Ng4 Ra2 34. Rc1 c5 35. Rb1 Rc2 36. Qa4+ Ke7 37. g3 Ra2 38. Qc6 Qd7 39. Qb7 Rfa8
40. Ne3 R2a7 41. Qd5 Qxd5 42. Nxd5+ Kf7 43. Rb2 Ra2 44. Rxa2 Rxa2 45. Nxc7 c4
46. Bxb6 c3 47. Nd5 c2 48. Be3 Ra3 49. Nb4 Rxe3 50. Nxc2 Rxf3 51. Kg2 Rc3 0-1

[Event "XXV Miedzynarodowy Turniej im. Tadeusza "]
[Site "Police"]
[Date "2010.07.07"]
[Round "1.9"]
[White "Hnydiuk, Aleksander"]
[Black "Aglave, Arnaud"]
[Result "1-0"]
[WhiteElo "2445"]
[BlackElo "2086"]
[PlyCount "61"]
[EventDate "2010.??.??"]

1. e4 Nf6 2. e5 Nd5 3. d4 d6 4. Nf3 dxe5 5. Nxe5 c6 6. Bc4 Nd7 7. Nf3 N7b6 8.
Bb3 a5 9. a4 Bg4 10. h3 Bh5 11. Nbd2 e6 12. Ne4 Be7 13. Ng3 Bg6 14. Ne5 Nd7 15.
Nxg6 hxg6 16. Ne4 N7f6 17. Ng5 Nh5 18. Nf3 Nhf4 19. Kf1 g5 20. Ne5 Bd6 21. g3
Bxe5 22. dxe5 Ng6 23. Qe2 Qc7 24. Bxg5 Qxe5 25. Qxe5 Nxe5 26. Kg2 f6 27. Rhe1
Kf7 28. Rad1 Rhd8 29. Rxe5 fxe5 30. Bxd8 Rxd8 31. c4 1-0

[Event "XXV Miedzynarodowy Turniej im. Tadeusza "]
[Site "Police"]
[Date "2010.07.07"]
[Round "1.10"]
[White "Zschaebitz, Klaus"]
[Black "Manik, Mikulas"]
[Result "0-1"]
[WhiteElo "2084"]
[BlackElo "2441"]
[PlyCount "104"]
[EventDate "2010.??.??"]

1. d4 Nf6 2. Nf3 g6 3. c4 Bg7 4. Nc3 O-O 5. e4 d6 6. h3 Qe8 7. Be3 e5 8. dxe5
dxe5 9. Bc5 Nfd7 10. Bxf8 Nxf8 11. Be2 Ne6 12. O-O c6 13. Qd2 Nd7 14. Rad1 Nd4
15. b4 Nf8 16. b5 Nfe6 17. a4 Qe7 18. g3 Nxf3+ 19. Bxf3 Nd4 20. Bg2 Bxh3 21.
bxc6 bxc6 22. Ne2 Bg4 23. Nxd4 Bxd1 24. Nxc6 Qc7 25. Rxd1 Qxc6 26. Qd5 Rc8 27.
Qxc6 Rxc6 28. Bf1 Bf8 29. Rd5 Bd6 30. c5 Bxc5 31. Bb5 Rc7 32. Rxe5 Bb6 33. Kf1
Rc1+ 34. Ke2 Rc2+ 35. Kd3 Rxf2 36. g4 Rf3+ 37. Kc4 Kg7 38. Bd7 Kf6 39. Re8 Re3
40. Bc6 Re1 41. Bd5 Kg5 42. Bxf7 Kxg4 43. e5 g5 44. Kd5 h5 45. e6 h4 46. e7 Kf5
47. Be6+ Kf6 48. Kd6 Rxe6+ 49. Kd7 Rxe7+ 50. Rxe7 g4 51. Rh7 g3 52. Rxh4 g2 0-1

[Event "XXV Miedzynarodowy Turniej im. Tadeusza "]
[Site "Police"]
[Date "2010.07.07"]
[Round "1.11"]
[White "Krivonosov, Oleg"]
[Black "Jacek, Krystian"]
[Result "1/2-1/2"]
[WhiteElo "2437"]
[BlackElo "2055"]
[PlyCount "98"]
[EventDate "2010.??.??"]

1. Nf3 Nf6 2. c4 g6 3. Nc3 Bg7 4. e4 d6 5. d4 O-O 6. Be2 e5 7. O-O Nc6 8. dxe5
dxe5 9. Bg5 Qxd1 10. Rfxd1 Re8 11. Nd5 Nxd5 12. cxd5 Nd4 13. Nxd4 exd4 14. f3
c6 15. dxc6 bxc6 16. Rac1 Be6 17. b3 a5 18. Rxc6 a4 19. Bc4 Bxc4 20. Rxc4 axb3
21. axb3 Ra3 22. Rd3 h6 23. Bc1 Ra2 24. Rd2 Ra1 25. Kf2 Rea8 26. Rdc2 Rb1 27.
Rc8+ Rxc8 28. Rxc8+ Kh7 29. Ke2 Rxb3 30. Rd8 Rb1 31. Rc8 Ra1 32. f4 Ra2+ 33.
Bd2 g5 34. g3 gxf4 35. gxf4 Ra3 36. Rc7 Kg8 37. e5 Rh3 38. Rd7 Rxh2+ 39. Kd3 h5
40. Rxd4 h4 41. Ke4 h3 42. Kf3 Rh1 43. Kg3 Kh7 44. Re4 Kg6 45. e6 fxe6 46.
Rxe6+ Kf5 47. Re2 Bd4 48. Be3 Bxe3 49. Rxe3 Rg1+ 1/2-1/2

[Event "XXV Miedzynarodowy Turniej im. Tadeusza "]
[Site "Police"]
[Date "2010.07.07"]
[Round "1.12"]
[White "Pawlicz, Adam"]
[Black "Krysztofiak, Marcin"]
[Result "0-1"]
[WhiteElo "2039"]
[BlackElo "2436"]
[PlyCount "78"]
[EventDate "2010.??.??"]

1. e4 d5 2. exd5 Qxd5 3. Nc3 Qd6 4. d4 Nf6 5. Nf3 a6 6. Bd3 Bg4 7. h3 Bh5 8.
Ne4 Nxe4 9. Bxe4 c6 10. c3 Nd7 11. Bg5 h6 12. Bd2 Nf6 13. Bd3 Nd5 14. g4 Bg6
15. Ne5 Bxd3 16. Nxd3 h5 17. g5 Qe6+ 18. Qe2 Qxe2+ 19. Kxe2 g6 20. Rhe1 e6 21.
Kf3 Bd6 22. Bf4 Be7 23. Re2 O-O 24. Bd2 Bd6 25. Rae1 Rac8 26. Bf4 Nxf4 27. Nxf4
c5 28. dxc5 Rxc5 29. Rd1 Bb8 30. Ng2 Rf5+ 31. Ke4 Rxg5 32. Ne3 f5+ 33. Kf3 e5
34. Nd5 e4+ 35. Ke3 Rg2 36. Ne7+ Kf7 37. Rd7 Ke6 38. Rxb7 Rd8 39. Nd5 Rxd5 0-1

[Event "XXV Miedzynarodowy Turniej im. Tadeusza "]
[Site "Police"]
[Date "2010.07.07"]
[Round "1.13"]
[White "Sopur, Lech"]
[Black "Korbal, Arkadiusz"]
[Result "1-0"]
[WhiteElo "2419"]
[BlackElo "2016"]
[PlyCount "41"]
[EventDate "2010.??.??"]

1. d4 Nf6 2. c4 e6 3. Nf3 Bb4+ 4. Bd2 c5 5. g3 b6 6. Bg2 Bb7 7. O-O Bxd2 8.
Qxd2 O-O 9. Nc3 d5 10. Rfd1 Nbd7 11. Ne5 Rc8 12. cxd5 exd5 13. Nxd7 Qxd7 14.
dxc5 Rxc5 15. e4 Rd8 16. b4 Rc4 17. e5 Ng4 18. Nxd5 Bxd5 19. Bxd5 Nxe5 20. Qe2
Qxd5 21. Rxd5 1-0

[Event "XXV Miedzynarodowy Turniej im. Tadeusza "]
[Site "Police"]
[Date "2010.07.07"]
[Round "1.14"]
[White "Krasowski, Slawomir"]
[Black "Przedmojski, Rafal"]
[Result "0-1"]
[WhiteElo "1995"]
[BlackElo "2390"]
[PlyCount "52"]
[EventDate "2010.??.??"]

1. e4 e5 2. Nf3 Nc6 3. Bc4 Nf6 4. Ng5 d5 5. exd5 Nxd5 6. d3 Bb4+ 7. c3 Be7 8.
Qf3 Bxg5 9. Bxd5 O-O 10. Bxg5 Qxg5 11. Nd2 Qg6 12. h3 Bf5 13. Be4 Bxe4 14. dxe4
Rad8 15. g4 Qe6 16. Nb3 a5 17. Qe2 b6 18. O-O Rd7 19. Rad1 Rfd8 20. Rxd7 Qxd7
21. Qc4 Ne7 22. Nc1 Ng6 23. Ne2 Qd3 24. Qxc7 Rf8 25. Ng3 Qf3 26. Kh2 Nf4 0-1

[Event "XXV Miedzynarodowy Turniej im. Tadeusza "]
[Site "Police"]
[Date "2010.07.07"]
[Round "1.15"]
[White "Nguyen, Piotr"]
[Black "Maliszewski, Jaroslaw"]
[Result "1-0"]
[WhiteElo "2372"]
[BlackElo "1871"]
[PlyCount "41"]
[EventDate "2010.??.??"]

1. e4 c5 2. c3 e5 3. Nf3 Nc6 4. Bc4 Nf6 5. d3 Be7 6. O-O Rb8 7. a4 d5 8. exd5
Nxd5 9. Re1 f6 10. d4 Nb6 11. Ba2 cxd4 12. cxd4 Nxd4 13. Nxd4 Qxd4 14. Qxd4
exd4 15. Bf4 Ra8 16. Bd6 Kd7 17. Bxe7 Re8 18. Be6+ Kc6 19. Bf7 Rh8 20. Nd2 Bf5
21. Nb3 1-0

[Event "XXV Miedzynarodowy Turniej im. Tadeusza "]
[Site "Police"]
[Date "2010.07.07"]
[Round "1.16"]
[White "Oleniak, Wlodzimierz"]
[Black "Kula, Robert"]
[Result "0-1"]
[WhiteElo "1848"]
[BlackElo "2368"]
[PlyCount "48"]
[EventDate "2010.??.??"]

1. d4 d5 2. c4 c6 3. Nc3 Nf6 4. e3 e6 5. Nf3 Bd6 6. Bd2 Nbd7 7. Be2 O-O 8. Qc2
Qe7 9. O-O a6 10. a4 dxc4 11. Bxc4 e5 12. dxe5 Nxe5 13. Nxe5 Bxe5 14. Bd3 Rd8
15. f4 Bc7 16. Rf3 Qd6 17. e4 Ng4 18. Nd1 Bb6+ 19. Kh1 Qd4 20. Be3 Nxe3 21.
Rxe3 Bg4 22. Be2 Bxe2 23. Qxe2 Qc5 24. Qe1 Rxd1 0-1

[Event "XXV Miedzynarodowy Turniej im. Tadeusza "]
[Site "Police"]
[Date "2010.07.07"]
[Round "1.17"]
[White "Maes, Wim"]
[Black "Metelski, Jerzy"]
[Result "1-0"]
[WhiteElo "2232"]
[BlackElo "1824"]
[PlyCount "41"]
[EventDate "2010.??.??"]

1. e4 c5 2. Nf3 d6 3. d3 Nc6 4. g3 g6 5. Bg2 Bg7 6. O-O e6 7. Nbd2 Nge7 8. Re1
O-O 9. Nf1 Qc7 10. h4 Rb8 11. h5 b6 12. c3 Bb7 13. N1h2 d5 14. Qe2 dxe4 15.
dxe4 Ne5 16. Nxe5 Bxe5 17. Bh6 Bg7 18. Qe3 Rbd8 19. Ng4 Qc6 20. Bxg7 Nf5 21.
Bf6 1-0

[Event "XXV Miedzynarodowy Turniej im. Tadeusza "]
[Site "Police"]
[Date "2010.07.07"]
[Round "1.18"]
[White "Jacek, Roksana"]
[Black "Maniocha, Andrzej"]
[Result "0-1"]
[WhiteElo "1702"]
[BlackElo "2211"]
[PlyCount "60"]
[EventDate "2010.??.??"]

1. e4 c5 2. c3 e6 3. d4 d5 4. exd5 exd5 5. Nf3 Nc6 6. Be3 cxd4 7. Nxd4 Nf6 8.
Bd3 Be7 9. O-O O-O 10. Nd2 Ne5 11. Bc2 Re8 12. N2f3 Ng6 13. Re1 Bg4 14. h3 Bd7
15. Bb3 b5 16. a4 a6 17. axb5 axb5 18. Qd3 Rxa1 19. Rxa1 Qb8 20. Nf5 Bf8 21.
Bxd5 Ne5 22. Nxe5 Qxe5 23. Bxf7+ Kxf7 24. Ra7 Qe6 25. Bg5 Bc5 26. Rb7 Qc6 27.
Bxf6 Qxb7 28. Qg3 Kxf6 29. Qxg7+ Kxf5 30. Qf7+ Ke5 0-1

[Event "XXV Miedzynarodowy Turniej im. Tadeusza "]
[Site "Police"]
[Date "2010.07.08"]
[Round "2.1"]
[White "Manik, Mikulas"]
[Black "Malisauskas, Vidmantas"]
[Result "1/2-1/2"]
[WhiteElo "2441"]
[BlackElo "2516"]
[PlyCount "29"]
[EventDate "2010.??.??"]

1. e4 c6 2. d4 d5 3. Nc3 dxe4 4. Nxe4 Bf5 5. Ng3 Bg6 6. Nf3 Nd7 7. h4 h6 8. h5
Bh7 9. Bd3 Bxd3 10. Qxd3 e6 11. Bf4 Qa5+ 12. Bd2 Qc7 13. O-O-O Ngf6 14. Kb1
O-O-O 15. c4 1/2-1/2

[Event "XXV Miedzynarodowy Turniej im. Tadeusza "]
[Site "Police"]
[Date "2010.07.08"]
[Round "2.2"]
[White "Tomczak, Jacek"]
[Black "Sopur, Lech"]
[Result "1-0"]
[WhiteElo "2509"]
[BlackElo "2419"]
[PlyCount "67"]
[EventDate "2010.??.??"]

1. e4 c6 2. d4 d6 3. Nc3 g6 4. f4 d5 5. e5 h5 6. Be3 Nh6 7. Qd2 a5 8. Nf3 Bg4
9. Ng5 f6 10. h3 fxg5 11. fxg5 Bf5 12. gxh6 e6 13. g3 b5 14. Be2 b4 15. Na4 Nd7
16. g4 Be4 17. Bd3 Be7 18. Bxe4 Bh4+ 19. Kd1 dxe4 20. Qg2 g5 21. Qxe4 Rxh6 22.
Qxc6 Rc8 23. Qb5 Rc7 24. Kd2 hxg4 25. hxg4 Qa8 26. c3 Qg2+ 27. Kd3 bxc3 28.
Nxc3 Qxg4 29. Raf1 Qg2 30. Rhg1 Qa8 31. Ne4 Ke7 32. Rxg5 Rh7 33. Rg4 Rb7 34.
Rxh4 1-0

[Event "XXV Miedzynarodowy Turniej im. Tadeusza "]
[Site "Police"]
[Date "2010.07.08"]
[Round "2.3"]
[White "Ivanov, Mikhail M"]
[Black "Nguyen, Piotr"]
[Result "1/2-1/2"]
[WhiteElo "2486"]
[BlackElo "2372"]
[PlyCount "30"]
[EventDate "2010.??.??"]

1. d4 Nf6 2. Nf3 g6 3. c4 Bg7 4. Nc3 O-O 5. e4 d6 6. h3 e5 7. dxe5 dxe5 8. Be3
c6 9. c5 Nbd7 10. b4 b6 11. Qa4 Bb7 12. Ba6 Bxa6 13. Qxa6 Qe7 14. O-O Rfc8 15.
Qc4 Bf8 1/2-1/2

[Event "XXV Miedzynarodowy Turniej im. Tadeusza "]
[Site "Police"]
[Date "2010.07.08"]
[Round "2.4"]
[White "Krysztofiak, Marcin"]
[Black "Urban, Klaudiusz"]
[Result "1/2-1/2"]
[WhiteElo "2436"]
[BlackElo "2478"]
[PlyCount "26"]
[EventDate "2010.??.??"]

1. Nf3 d5 2. g3 g6 3. Bg2 Bg7 4. O-O Nf6 5. d3 O-O 6. Nbd2 c5 7. e4 Nc6 8. Re1
h6 9. c3 dxe4 10. dxe4 Be6 11. Qe2 Qc8 12. Nc4 Nd7 13. Ne3 Rd8 1/2-1/2

[Event "XXV Miedzynarodowy Turniej im. Tadeusza "]
[Site "Police"]
[Date "2010.07.08"]
[Round "2.5"]
[White "Shishkin, Vadim"]
[Black "Maes, Wim"]
[Result "1-0"]
[WhiteElo "2471"]
[BlackElo "2232"]
[PlyCount "93"]
[EventDate "2010.??.??"]

1. d4 Nf6 2. c4 g6 3. Nc3 Bg7 4. e4 d6 5. Be2 O-O 6. Nf3 e5 7. Be3 Nbd7 8. O-O
Re8 9. d5 Nh5 10. g3 Bf8 11. Ne1 Ng7 12. Nd3 f5 13. f3 Be7 14. Qd2 a5 15. Nf2
Rf8 16. Rae1 Nf6 17. f4 exf4 18. Bxf4 fxe4 19. g4 c6 20. Ncxe4 cxd5 21. cxd5
Qb6 22. Kg2 Bd7 23. Bg5 Nxe4 24. Nxe4 Bxg5 25. Qxg5 Qxb2 26. Nf6+ Rxf6 27. Qxf6
Qxf6 28. Rxf6 Ne8 29. Rf2 Rc8 30. Bd1 Bb5 31. Re7 Bc4 32. Bb3 b5 33. Re4 Kg7
34. Bxc4 bxc4 35. Rc2 Nf6 36. Rexc4 Rxc4 37. Rxc4 Nxd5 38. Ra4 Kf6 39. Rxa5 Nc3
40. Ra3 Ne4 41. Rh3 Ng5 42. Re3 d5 43. a4 Ne6 44. a5 Nc7 45. Rc3 Nb5 46. Rb3
Nc7 47. Rb7 1-0

[Event "XXV Miedzynarodowy Turniej im. Tadeusza "]
[Site "Police"]
[Date "2010.07.08"]
[Round "2.6"]
[White "Przedmojski, Rafal"]
[Black "Koziak, Vitali"]
[Result "1/2-1/2"]
[WhiteElo "2390"]
[BlackElo "2470"]
[PlyCount "71"]
[EventDate "2010.??.??"]

1. d4 Nf6 2. c4 c5 3. d5 e6 4. Nc3 exd5 5. cxd5 d6 6. g3 g6 7. Bg2 Bg7 8. Nf3
O-O 9. O-O Re8 10. Nd2 Nbd7 11. h3 Nh5 12. Nde4 Ndf6 13. Nxf6+ Bxf6 14. a4 a6
15. Ne4 Be5 16. e3 Bg7 17. g4 Nf6 18. Ng3 Rb8 19. g5 Nd7 20. f4 b5 21. axb5
axb5 22. e4 c4 23. e5 Nc5 24. Be3 Nd3 25. Qf3 dxe5 26. f5 e4 27. Nxe4 Bxf5 28.
Ng3 Ne5 29. Qf4 Nd3 30. Qf3 Ne5 31. Qf4 Bd3 32. Rf2 Rb7 33. d6 Rd7 34. Ra8 Qxa8
35. Bxa8 Rxa8 36. Ne4 1/2-1/2

[Event "XXV Miedzynarodowy Turniej im. Tadeusza "]
[Site "Police"]
[Date "2010.07.08"]
[Round "2.7"]
[White "Grabarczyk, Miroslaw"]
[Black "Okon, Dariusz"]
[Result "1-0"]
[WhiteElo "2456"]
[BlackElo "2192"]
[PlyCount "142"]
[EventDate "2010.??.??"]

1. d4 d5 2. c4 e6 3. Nf3 Nf6 4. g3 c6 5. Qc2 Nbd7 6. Bg2 Bd6 7. O-O O-O 8. Nbd2
Re8 9. Rd1 Qe7 10. b3 Nf8 11. e4 Nxe4 12. Nxe4 dxe4 13. Qxe4 a5 14. c5 Bb8 15.
Ne5 Nd7 16. Nc4 Nf6 17. Qh4 Nd5 18. Bg5 Qf8 19. Re1 Bc7 20. Be4 h6 21. Bd2 Rd8
22. Bg2 Qe7 23. Qe4 Qf6 24. Rad1 Ne7 25. Bc1 Nd5 26. Bd2 Ne7 27. Ne5 Nd5 28.
Bf1 Bxe5 29. dxe5 Qf5 30. Qd4 Bd7 31. Bd3 Qf3 32. Be2 Qf5 33. Bd3 Qf3 34. Be2
Qf5 35. g4 Qh7 36. Bd3 g6 37. a3 Qg7 38. Qe4 Qf8 39. Rc1 Qg7 40. h3 Be8 41.
Red1 Bd7 42. Kh2 Be8 43. Kg3 Ne7 44. Kh2 Rd5 45. f4 Rad8 46. Bxa5 Ra8 47. Bb4
g5 48. Bc4 Rxd1 49. Rxd1 gxf4 50. Qxf4 Nd5 51. Bxd5 exd5 52. a4 Bd7 53. Bd2 Kh7
54. Rf1 Be6 55. a5 h5 56. Qf6 hxg4 57. hxg4 Qxf6 58. Rxf6 d4 59. b4 Rg8 60. g5
Kg7 61. Rf4 Rh8+ 62. Kg2 Bd5+ 63. Kg3 Re8 64. Rxd4 Rxe5 65. Kf4 f6 66. Kg4 fxg5
67. Bxg5 Re4+ 68. Rxe4 Bxe4 69. Kf4 Bd5 70. Ke5 Bc4 71. Kd6 Ba6 1-0

[Event "XXV Miedzynarodowy Turniej im. Tadeusza "]
[Site "Police"]
[Date "2010.07.08"]
[Round "2.8"]
[White "Kula, Robert"]
[Black "Hnydiuk, Aleksander"]
[Result "0-1"]
[WhiteElo "2368"]
[BlackElo "2445"]
[PlyCount "86"]
[EventDate "2010.??.??"]

1. d4 d5 2. c4 c6 3. Nc3 Nf6 4. Nf3 dxc4 5. a4 Bf5 6. e3 e6 7. Bxc4 Bb4 8. O-O
Nbd7 9. Qe2 Bg4 10. h3 Bh5 11. Rd1 O-O 12. e4 Re8 13. e5 Nd5 14. Ne4 Be7 15. a5
b5 16. Bb3 a6 17. Be3 Rc8 18. g4 Bg6 19. Nc5 Nxc5 20. dxc5 Qc7 21. Bxd5 exd5
22. b4 f6 23. exf6 Bxf6 24. Ra3 Re4 25. Qd2 Rce8 26. Bg5 Bxg5 27. Nxg5 Re2 28.
Qc3 Qf4 29. Nf3 Rc2 30. Qa1 Ree2 31. Qd4 Re4 32. Qd3 Rxb4 33. Qe3 Qxe3 34. Rxe3
Re4 35. Rxe4 Bxe4 36. Nd4 Rxc5 37. f3 Bg6 38. Re1 Rc4 39. Ne6 b4 40. Re2 b3 41.
f4 Bd3 42. Rd2 Rc1+ 43. Kf2 Rc2 0-1

[Event "XXV Miedzynarodowy Turniej im. Tadeusza "]
[Site "Police"]
[Date "2010.07.08"]
[Round "2.9"]
[White "Maniocha, Andrzej"]
[Black "Stern, Rene"]
[Result "1-0"]
[WhiteElo "2211"]
[BlackElo "2490"]
[PlyCount "121"]
[EventDate "2010.??.??"]

1. e4 e5 2. Nf3 Nc6 3. Bb5 a6 4. Ba4 Nf6 5. O-O Be7 6. d3 d6 7. c3 Bg4 8. Nbd2
Nd7 9. h3 Bh5 10. Bc2 Nf8 11. Nc4 Ne6 12. Ne3 Bxf3 13. Qxf3 Bg5 14. b4 O-O 15.
g3 Re8 16. h4 Bh6 17. Bb2 g6 18. Bb3 Bg7 19. h5 Qg5 20. hxg6 hxg6 21. Nd5 Qd8
22. Kg2 a5 23. a3 Nb8 24. Rh1 axb4 25. axb4 Rxa1 26. Bxa1 Nd7 27. Bb2 c6 28.
Ne3 Nf6 29. Bc1 Qd7 30. Nc4 b5 31. Na5 d5 32. Re1 d4 33. c4 c5 34. Bd2 cxb4 35.
cxb5 Qxb5 36. Nc4 Qb8 37. Ba4 Rc8 38. Rb1 Nc5 39. Rxb4 Qc7 40. Bb5 Nh7 41. Rb1
Ra8 42. Bc1 Nf8 43. Na3 Rb8 44. Bd2 Nfe6 45. Rc1 Qd8 46. Bc4 Nb3 47. Bxe6 fxe6
48. Rc2 Nxd2 49. Rxd2 Qg5 50. Nc4 Bf8 51. Ra2 Bg7 52. Ra6 Rf8 53. Qe2 Rf6 54.
Qd1 Kh7 55. Qh1+ Kg8 56. Qh3 Rf8 57. Qxe6+ Kh7 58. Ra1 Bf6 59. Nd6 Bg7 60. Rh1+
Bh6 61. Nf7 1-0